| 000 | 00869nac a22002291u 4500 | ||
|---|---|---|---|
| 010 | _a 2001037512 | ||
| 020 | _a0750653019 (pbk.) | ||
| 020 | _a0750659750 | ||
| 082 | 0 | 0 |
_a692 _bG5182 |
| 090 |
_c2264 _d2264 |
||
| 100 | _aGlover, P. V. | ||
| 245 | 1 | 0 |
_aBuilding surveys / _cPeter Glover. |
| 250 | _a5th ed. | ||
| 260 |
_aOxford : _aBoston : _bButterworth-Heinemann,2003 _c2003. |
||
| 300 |
_axi, 284 p. : _bill. ; _c24 cm. |
||
| 504 | _aIncludes bibliographical references and index. | ||
| 650 | 0 | _aBuilding inspection. | |
| 856 | 4 | 2 |
_3Publisher description _uhttp://www.loc.gov/catdir/description/els031/2001037512.html |
| 856 | 4 | 2 |
_3Table of contents _uhttp://www.loc.gov/catdir/toc/els031/2001037512.html |
| 942 |
_cBB _k692G5182 |
||
| 999 |
_c2264 _d2264 |
||